Missing Word: #1 Hits of 1992 Quiz Stats

 Plays Quiz Updated Aug 18, 2014

Support Sporcle.
Go Orange.
Score 0/12 Timer 02:00
1 Play Today
#1 Hit Song Missing Word % Correct
Black or _____White
97.9%
I Will _____ Love YouAlways
94.8%
To Be with _____You
91.1%
_____ the Best for LastSave
90.1%
_____ Got BackBaby
85%
Don't Let the _____ Go Down on MeSun
84%
I'll Be _____There
79.5%
I'm Too _____Sexy
79.2%
How Do You _____ to an AngelTalk
74.8%
_____ of the RoadEnd
63.9%
All 4 _____Love
56%
This Used to Be My _____Playground
37.8%

Today's Daily Dose

Word Ladder
GOT7 Songs

Quick Pick
Women Comedians

Get the Picture
Collectibles

From the Vault

What's the Word

by jdfulp

Usually the bird is the word...in this case, not so much.
Remove Ads.
Support Sporcle.
Get the best of Sporcle when you Go Orange. This ad-free experience offers more features, more stats, and more fun while also helping to support Sporcle. Thank you for becoming a member.

Show Comments

Extras

Top Quizzes Today


Score Distribution

Your Account Isn't Verified!

In order to create a playlist on Sporcle, you need to verify the email address you used during registration. Go to your Sporcle Settings to finish the process.

Report this User

Report this user for behavior that violates our Community Guidelines.

Details: